| 000 | 00674nam a2200181Ia 4500 | ||
|---|---|---|---|
| 003 | GCL | ||
| 008 | 140319s9999 xx 000 0 ara d | ||
| 040 |
_aGCL / _cGCL |
||
| 082 | 0 | 4 |
_a792.09531 _bن م |
| 100 | 1 | _aناصر عبدالعزيز الخطيب | |
| 245 | 1 | 0 |
_aمدخل الى دراسة المسرح فى المملكة العربية السعودية / _cناصر عبدالعزيز الخطيب |
| 300 | _a103 ص | ||
| 490 |
_aاصدارات المهرجان الوطنى للتراث والثقافة _v0 |
||
| 650 | 0 | 4 | _aالمسرح |
| 650 | 0 | 4 | _aالمسرح - السعودية |
| 650 | 0 | 4 | _aالمسرح - تاريخ - السعودية |
| 942 |
_2ddc _cBK |
||
| 999 |
_c49950 _d49950 |
||